000 00750nam a2200253Ia 4500
003 OSt
005 20220918165838.0
006 a|||||r|||| 00| 0
007 ta
008 220917b |||||||| |||| 00| 0 eng d
020 _a8175410159 (hbk)
024 _a177,019
037 _cTextual
040 _aARTS
_cARTS
_beng
041 _2eng
_aeng
082 _aV277:19(zM).N, N9 (SC)
100 _aBhan Susheela
_925781
245 0 _aImpact of ethic violence on youth
_b a study of tribal-nontirbal violence i Kokrajhar Assam
260 _aDelhi
_bShipra Publications
_c1999
300 _axiv, 204p.
_ccm.
650 _aHISTORY
942 _hV277:19(zM).N, N9 (SC)
_cTEXL
_2CC
999 _c131378
_d131378